| 000 | 01098nam a22003258i 4500 | ||
|---|---|---|---|
| 999 |
_c29092 _d29063 |
||
| 001 | 019244666 | ||
| 003 | EG-ScBUE | ||
| 005 | 20210419112001.0 | ||
| 008 | 190103s2008 enka f bd 001 0 eng d | ||
| 020 | _a9781789940060 (pbk.) | ||
| 040 |
_aStDuBDS _beng _erda _cStDuBDS _dEG-ScBUE |
||
| 082 | 0 | 4 |
_a760.28 _bTAL _222 |
| 100 | 1 |
_aTala, Alexia, _eauthor. |
|
| 245 | 1 | 0 |
_aInstallations and experimental printmaking / _cAlexia Tala. |
| 264 | 1 |
_aLondon, UK : _bHerbert Press : _bBloomsbury Publishing Plc, _c2008. |
|
| 300 |
_a112 pages : _bcolor illustrations ; _c24 cm. |
||
| 336 |
_atext _2rdacontent _btxt |
||
| 336 |
_astill image _2rdacontent _btxt |
||
| 337 |
_aunmediated _2rdamedia _bn |
||
| 338 |
_avolume _2rdacarrier _bnc |
||
| 490 | 0 | _aPrintmaking handbooks | |
| 500 | _aOriginally published: London: A. & C. Black, 2009. | ||
| 500 | _aIncludes glossary. | ||
| 504 | _aIncludes bibliographical references and index. | ||
| 650 | 7 |
_aPrints _xTechnique. _2BUEsh |
|
| 650 | 7 |
_aInstallations (Art) _2BUEsh |
|
| 653 |
_bGGEN _cApril2021 |
||
| 655 |
_vReading book _934232 |
||
| 942 |
_2ddc _cBB |
||